000 00465nam a2200133Ia 4500
008 220217s9999 xx 000 0 und d
245 0 _aMethods of testing raw rubber & unvulcanized compounded rubber. Part 7. Chemical analysis of acrylonitrile-butadiene rubber (NBR).
260 _c1969
500 _aStandard number: BS 1673 Part 7
650 _aAcrylonitrile butadiene rubber
650 _aRaw rubber
650 _aUnvulcanised compounded rubber
942 _cST
999 _c73021
_d73021